Normal view
MARC view
- Children's library (Stanford, Conn.)
Entry Uniform Title
001 - CONTROL NUMBER
- control field: 14046
003 - CONTROL NUMBER IDENTIFIER
- control field: NUST
005 - DATE AND TIME OF LATEST TRANSACTION
- control field: 20190401093328.0
008 - FIXED-LENGTH DATA ELEMENTS
- fixed length control field: 190401|| aca||aabn | a|a d
040 ## - CATALOGING SOURCE
- Original cataloging agency: NUST
- Transcribing agency: NUST
130 ## - HEADING--UNIFORM TITLE
- Uniform title: Children's library (Stanford, Conn.)
670 ## - SOURCE DATA FOUND
- Source citation: Work cat.: (NUST)219562: Grahame, Kenneth, 1859-1932. 14043, The wind in the willows /, 1994.
